Inglés: turismo, hotelería y restaurantes (Registro nro. 1721)

Detalles MARC
000 -Cabecera
Campo de control de longitud fija 00532aam a2200217 4500
005 - Fecha y hora de la última transacción
Campo de control 20250219121632.0
008 - Elementos de longitud fija--Información general
Campo de control de longitud fija 150714b2002 xxu||||| |||| 00| 0 spa d
041 ## - Idioma
Código de idioma Inglés
-- Español
082 ## - Clasificación Decimal Dewey
Número de clasificación R 428.3 I51i
100 ## - Entrada principal--Autor personal
Nombre personal Cuevas Mesa, Guillermina
245 ## - Título propiamente dicho
Título Inglés: turismo, hotelería y restaurantes
260 ## - Pie de imprenta
Lugar de publicación, distribución, etc. México
260 ## - Pie de imprenta
Nombre del editor, distribuidor, etc. Larousse
260 ## - Pie de imprenta
Fecha de publicación, distribución, etc. 2002
300 ## - Descripción física
Extensión 318 páginas
650 ## - Materia general
Temática (materia general) INGLÉS
650 ## - Materia general
Temática (materia general) ENSEÑANZA
650 ## - Materia general
Temática (materia general) TURISMO
650 ## - Materia general
Temática (materia general) COMPRENSIÓN DE LECTURA
942 ## - Punto de acceso adicional KOHA
Tipo de ítem KOHA Referencia
Fuente del sistema de clasificación o colocación Dewey Decimal Classification
Existencias
Signatura completa Código de barras Tipo de ítem
R 428.3 I51i 10959 Referencia